| 000 | 00606nam a2200181Ia 4500 | ||
|---|---|---|---|
| 008 | 190427s9999 xx 000 0 und d | ||
| 100 | _aKazanas, Stepahnie A. | ||
| 245 | _aSurvival processing in recognition memory: Separating recollection from familiarity | ||
| 245 | _cStephanie A. Kazanas and Jeanette Altarriba.-- | ||
| 260 | _bUniversity of Illinois Press | ||
| 260 | _c2018 | ||
| 300 | _aPages 19-32, Spring2018 | ||
| 440 |
_aJournal of Psychology _v131(1) |
||
| 650 | _aElaborative Processing | ||
| 650 | _aEpisodic Memory | ||
| 650 | _aRecollection | ||
| 650 | _aSurvival Processing effect | ||
| 999 |
_c361746 _d361746 |
||